1057 1050 1402 1361 1647 1846 1678 1152 1143 1432 1972 1429 1724 1602 1030 1461 1487 1086 1940 1421 1012 1231 1666 1120 1592 1012 1808 1738 1093 1630 1393 1211 1603 1769 1745 1129 1456 1448 1745 1932 1120 1901 1385 1460 1978 1601 1182 1250 1110 1327 1208 1614 1818 1787 1631 1900 1661 1681 1438 1524 1231 1786 1938 1198 1054 1904 1983 1927 1580 1364 1431 1962 1063 1138 1783 1917 1787 1428 1739 1772 1153 1055 1193 1937 1695 1984 1564 1218 1587 1128 1018 1385 1748 1528 1440 1279 1977 1730 1316 BCNSPRNW ULIB Ver.6.0+V

เปลี่ยนเป็นภาษาไทย

Change to English
 แสดงรายละเอียดบรรณานุกรม
  กลับหน้าหลัก

Brief Record : Get Marc (ISO 2709) : E-mail record : QR code < ปิดหน้าต่าง
LEADER : 00000nam 2200000uu 4500
001    13399128724
003     ULIB
008    240814s2566||||th 000 0 tha d
020    ^a9786164343245
041 1  ^atha^heng
060 04 ^aQS17^bอ939ผ
100 1  ^aแอชเวลล์, เคน
245 10 ^aแผนที่ร่างกายมนุษย์/^cเคน แอชเวลล์,เขียน ; น้ำทิพย์ พันธุ์อนุกูล, แปล
246 31 ^aThe human body atlas
260    ^aกรุงเทพฯ :^bแอร์โรว์,^c2566
300    ^a224 หน้า :^bภาพประกอบ ;^c30 ซม.
650  4 ^aร่างกาย
650  4 ^aกายวิภาคศาสตร์มนุษย์
650  4 ^aกายวิภาคศาสตร์
650  4 ^aสรีรวิทยา
856    ^a^zสารบัญู^uhttps://drive.google.com/file/d/11Q8T84q7cnbMXScLru9nQpdgsIzaOdbU/view?usp=sharing
945    ^p750^l0^i010376
945    ^p750^l0^i010377
945    ^p750^l0^i010378
945    ^p750^l0^i010379
945    ^p750^l0^i010380
999    ^aประนอม เกษจรัล
รายการนี้ยังไม่มีแท็ก
คุณยังไม่ได้ล็อกอิน คุณสามารถมีกิจกรรมร่วมกับเว็บไซต์ได้ แต่ต้องล็อกอินก่อน ::
  ล็อกอิน

รายการสื่อสารสนเทศ

ลำดับที่ ประเภท เลขเรียก/บาร์โค้ด สถานที่ สถานะ
1. วิทยาศาสตร์การแพทย์ และสุขภาพ
หนังสือสำรอง
สถานะ=หนังสือสำรอง
QS17 อ939ผ ฉ.1 
  Barcode: 010376
ห้องสมุดวิทยาเขตสวรรค์ประชารักษ์
►หนังสือทั่วไป
บนชั้น
2. วิทยาศาสตร์การแพทย์ และสุขภาพ
วิทยาศาสตร์การแพทย์ และสุขภาพ
QS17 อ939ผ ฉ.2 
  Barcode: 010377
ห้องสมุดวิทยาเขตสวรรค์ประชารักษ์
►หนังสือทั่วไป
บนชั้น
3. วิทยาศาสตร์การแพทย์ และสุขภาพ
วิทยาศาสตร์การแพทย์ และสุขภาพ
QS17 อ939ผ ฉ.3 
  Barcode: 010378
ห้องสมุดวิทยาเขตสวรรค์ประชารักษ์
►หนังสือทั่วไป
บนชั้น
4. วิทยาศาสตร์การแพทย์ และสุขภาพ
วิทยาศาสตร์การแพทย์ และสุขภาพ
QS17 อ939ผ ฉ.4 
  Barcode: 010379
ห้องสมุดวิทยาเขตสวรรค์ประชารักษ์
►หนังสือทั่วไป
บนชั้น
5. วิทยาศาสตร์การแพทย์ และสุขภาพ
วิทยาศาสตร์การแพทย์ และสุขภาพ
QS17 อ939ผ ฉ.5 
  Barcode: 010380
ห้องสมุดวิทยาเขตสวรรค์ประชารักษ์
►หนังสือทั่วไป
บนชั้น

รายการใกล้เคียง
    ผู้แต่ง [แอชเวลล์, เคน]

    หัวเรื่อง [ร่างกาย]
    หัวเรื่อง [กายวิภาคศาสตร์มนุษย์]
    หัวเรื่อง [กายวิภาคศาสตร์]
    หัวเรื่อง [สรีรวิทยา]

BibComment


ยังไม่เคยถูกคอมเมนท์

คอมเมนท์ทรัพยากรรายการนี้
  คอมเมนท์: แผนที่ร่างกายมนุ..


 Copyright 2026. Bcnsprnw @Library